| 000 | 005240000a22001930004500 | ||
|---|---|---|---|
| 001 | 004502 | ||
| 003 | MACL | ||
| 005 | 20150908124426.0 | ||
| 008 | 150908b xxu||||| |||| 00| 0 eng d | ||
| 040 |
_aMACL _cMACL |
||
| 041 | _aEnglish | ||
| 082 | _a821.914/DUN | ||
| 100 |
_aDunn, Thedore Douglas _99201 |
||
| 245 |
_aThe Bengali Book Of English verse _cThedore Douglas Dunn |
||
| 260 |
_aKolkata _c2003 _bRenaissance Publisher Private Limited, |
||
| 350 | _a160 | ||
| 650 |
_aEnglish Poetry _96237 |
||
| 942 |
_k822 _cBK _2ddc |
||
| 999 |
_c16391 _d16391 |
||